Normal view
MARC view
Entry Nombre corporativo
001 - NÚMERO DE CONTROL
- campo de control: 52451
003 - IDENTIFICADOR DEL NÚMERO DE CONTROL
- campo de control: OSt
005 - FECHA Y HORA DE LA ÚLTIMA TRANSACCIÓN
- campo de control: 20260331155458.0
008 - DATOS DE LONGITUD FIJA
- campo de control de longitud fija: 260331|| aca||aabn | a|a d
040 ## - FUENTE DE LA CATALOGACIÓN
- Centro catalogador/agencia de origen: OSt
- Centro/agencia transcriptor: OSt
110 ## - ENCABEZAMIENTO-NOMBRE DE ENTIDAD CORPORATIVA
- Nombre de entidad corporativa o nombre de jurisdicción como elemento de entrada: Centro Regional para la Salvaguardia del Patrimonio Cultural Inmaterial de América Latina - CRESPIAL
670 ## - FUENTE DE DATOS ENCONTRADOS
- Cita de la fuente: Work cat.: (OSt): Centro Regional para la Salvaguardia del Patrimonio Cultural Inmaterial de América Latina - CRESPIAL , Etnobotánica y Medicina Tradicional en el Contexto Afroyapaterano /, 2024.